| 000 | 00346nam a22001457a 4500 | ||
|---|---|---|---|
| 003 | OSt | ||
| 005 | 20211228083627.0 | ||
| 008 | 211228b |||||||| |||| 00| 0 eng d | ||
| 020 | _a139781439078587 | ||
| 040 | _cHU | ||
| 082 | _a005.115 | ||
| 100 |
_aFarrell _925590 |
||
| 245 | _aProgramming Logic & Design Introductory | ||
| 942 |
_2ddc _cBOOKS _n0 |
||
| 999 |
_c24484 _d24484 |
||